000 00571nam a2200193Ia 4500
999 _c7949
_d7949
003 OSt
005 20200122153757.0
008 190216s9999||||xx |||||||||||||| ||und||
020 _a9788132107514
040 _coclc
082 _a808.02
_bWAL/Y
100 _a Walliman, Nicholas
_91441
245 0 _aYour Research Project Designing And Planning Your Work /
_cNicholas Walliman
250 _a3rd ed.
260 _bSage Publications,
_c2011.
_aNew Delhi:
300 _a378p
650 _aCommerce
942 _cBK
_2ddc
_h808.02
_iWAL/Y
_k808.02
_mWAL/Y